Personnel management in some Asian countries (Record no. 92053)

MARC details
000 -LEADER
fixed length control field 00394nam a2200145Ia 4500
008 - FIXED-LENGTH DATA ELEMENTS--GENERAL INFORMATION
fixed length control field 230917s9999||||xx |||||||||||||| ||und||
040 ## - CATALOGING SOURCE
-- 36026
Original cataloging agency VIVEKANANDA LIBRARY
041 ## - Language
-- English
082 ## - DDC NUMBER
Classification number 658.3 S64P
100 ## - MAIN ENTRY--PERSONAL NAME
Personal name Singh, N K, ed.
245 #0 - TITLE STATEMENT
Title Personnel management in some Asian countries
260 ## - PUBLICATION, DISTRIBUTION, ETC. (IMPRINT)
Place of publication, distribution, etc Calcutta
Name of publisher, distributor, etc Indian Institute of Personnel Management
300 ## - PHYSICAL DESCRIPTION
Pages xvi, 238 p.
942 ## - ADDED ENTRY ELEMENTS (KOHA)
Koha item type Books
Holdings
Withdrawn status Lost status Source of classification or shelving scheme Damaged status Not for loan Location (home branch) Sublocation or collection (holding branch) Shelving location Date acquired Koha issues (times borrowed) Koha full call number Accession No. Koha date last seen Koha item type
Withdrawn   Dewey Decimal Classification Damaged   VIVEKANANDA LIBRARY VIVEKANANDA LIBRARY IMSAR Library 27/02/2003   658.3 S64P 173014 17/09/2023 Books
          VIVEKANANDA LIBRARY VIVEKANANDA LIBRARY IMSAR Library 27/02/2003   658.3 S64P 173015 17/09/2023 Books
          VIVEKANANDA LIBRARY VIVEKANANDA LIBRARY   27/02/2003   658.3 S64P 77657 17/09/2023 Books
          VIVEKANANDA LIBRARY VIVEKANANDA LIBRARY   27/02/2003   658.3 S64P 82707 17/09/2023 Books
© Designed and Maintained by Vivekananda Library, MDU Rohtak